00474 2200169 4500001002100000005001500021035002000036007000300056008004100059020002200100100002100122245006000143250001100203260003400214300004600248650001000294INLIS00000000000031520221020112638 a0010-1022000057ta221020 b 0 ind  a978-979-26-7184-10 aBennedicta Hanna1 aKebakaran :bMengenal Fenomena Alam /cBennedicta Hanna aCet. I aJakarta :bArman Delta,c2008 a29 halaman :bilustrasi berwarna ;c25 cm 4asains